000 01093nam1a22002771 4500
001 rc\3917090
005 20250807185148.0
035 _a(NLR Aleph) 007911702
090 _a88645
_c88645
100 _a20130415d1949 u y0rusy50 ca
101 0 _arus
102 _aRU
105 _ay j |||||
200 1 _aЗадачник по механизмам точной механики
_fПод ред. див. инж. проф. Н.Г. Бруевича
_gВоен. воздушная ордена Ленина Акад. Красной Армии им. Жуковского. Раздел 1-
210 _a[Москва]
_cАкадемия
_d1949
215 _d22
300 _aПеред загл. авт.: инж.-подполк. К.А. Бабичев
700 1 _aБабичев
_bК.А.
_gКонстантин Алексеевич
702 1 _aБруевич
_bН.Г.
_4340
801 0 _aRU
_bNLR
_gpsbo
801 1 _aRU
_bELAR
_2rusmarc
852 _aNLR
_jВ80 Г-6/49
942 _cBOOK
945 _aРоссийская национальная библиотека
980 _aNB
980 _aBV